Normal view
MARC view
Entry Topical Term
001 - CONTROL NUMBER
- control field: 43523
003 - CONTROL NUMBER IDENTIFIER
- control field: ARRUPE
005 - DATE AND TIME OF LATEST TRANSACTION
- control field: 20181120101133.0
008 - FIXED-LENGTH DATA ELEMENTS
- fixed length control field: 181120|| aca||aabn | a|a d
040 ## - CATALOGING SOURCE
- Original cataloging agency: ARRUPE
- Transcribing agency: ARRUPE
150 ## - HEADING--TOPICAL TERM
- Topical term or geographic name as entry element: Food production
- Geographic subdivision: Zimbabwe
670 ## - SOURCE DATA FOUND
- Source citation: Work cat.: (ARRUPE): Steen, Karin 43521, Time to farm, 2011